LEADER 00725nam a2200193 i 4500 001 000000188411 003 CaOOAMICUS 005 20150615000000.0 008 150615s1831 it u000 u ita u 013 $a166594 040 $aSeMil$bita 245 10$aVol. 1. 300 $aIX, 245 p. 490 0 $aBiblioteca cristiana 773 0 $aGriffet, Henri $tMeditazioni per tutti i giorni dell'anno sui principali doveri del cristianesimo.$dMilano : Tipografia Pogliani, 1831.$g1$w()32045 830 0$aBiblioteca cristiana.$0(OLS)http://semarc/title/18216 850 $aSeMil 852 $aSeMil$W1$xVenegono$y1$m3F II 260 FA$j139066$B139066$CSeMilBibl$Z2$F0 $8I 996 $6245$aVol. 1$9(OLS)http://semarc/title/13429 LEADER 02491nam a2200337 i 4500 001 000000030813 003 CaOOAMICUS 005 20220503141500.0 008 180830s1821 it u000 u ita u 040 $aSeMil$bita 100 1 $aMichaud, Joseph Franēois,$d<1767-1839>.$0(OLS)http://semarc/name/89608 245 10$aStoria delle crociate scritta dal sig. Michaud dell'accademia francese. Recata in lingua italiana per cura del cav. Luigi Rossi ... Volume 1. [-9.]. 264 1$aMilano :$bpresso la Societą tipografica de' Classici italiani : a spese del ragioniere Giovanni Resnati,$c1821-1826$e([Milano] :$fTipografia del commercio) 300 $a9 v. ;$c8°. 500 $aIl nome del traduttore, Luigi Rossi, appare solo sul front. dei v. 1-2. - Nei v. 7-9 l'indicazione di pubblicazione varia. 650 4$aCrociate.$0(OLS)http://semarc/subject/1433 700 1 $aRossi, Luigi,$d<1764-1824>.$0(OLS)http://semarc/name/14222 710 2 $aSocietą Tipografica de' Classici Italiani$c.$0(OLS)http://semarc/name/558 710 2 $aTipografia di commercio$b.$0(OLS)http://semarc/name/2900 774 0 $tVolume 1. che contiene il 1. e 2. libro della prima crociata. Con una carta geografica dell'Asia Minore.$g1$w()234852 774 0 $tVolume 4. che contiene il 7. e 8. libro. Colla pianta della cittą di Tolemaide.$g4$w()234957 774 0 $tVolume 2. che contiene il 3. e 4. libro della prima crociata. Colle piante d'Antiochia e di Gerusalemme.$g2$w()234958 774 0 $tVolume 3. che contiene il 5. e 6. libro. Con una carta geografica degli stati dei cristiani nell'Asia.$g3$w()234959 774 0 $tVolume 6. che contiene parte del libro 11. ed il 12. Colla carta topografica dei contorni di Damiata.$g6$w()234961 774 0 $tVolume 5. che contiene il 9. e 10. libro e parte dell'11. Colla pianta della cittą di Costantinopoli.$g5$w()234962 774 0 $tVolume 7. che contiene il libro 13. ed il 14.$g7$w()234964 774 0 $tVolume 9. che contiene il libro 17. ed il 18.$g9$w()234965 774 0 $tVolume 8. che contiene il libro 15. ed il 16.$g8$w()234966 996 $6245$aStoria delle crociate scritta dal sig. Michaud dell'accademia francese. Recata in lingua italiana per cura del cav. Luigi Rossi ... Volume 1. [-9.]$9(OLS)http://semarc/title/41933 996 $6264$aMilano :$bpresso la Societą tipografica de' Classici italiani : a spese del ragioniere Giovanni Resnati$9(OLS)http://semarc/publisher/38675